=LDR 00000nam 2200000 4500 =001 INLIS000000000027862 =005 20130612130215 =008 ***********************************Ind** =035 ##$$0010-061300000027862 =041 ##$$a Ind =082 ##$$a 370.154 =090 ##$$a 370.154, Uno t =100 ##$$a Uno, Hamzah B.H =245 ##$$a Teori motivasi dan pengukurannya, Analisis di bidang pendidikan, H Hamzah B uno =260 ##$$a 2007 $b Jakarta =300 ##$$a viii,127 hlm, ilus, 20 cm =650 ##$$a Motivasi dalam pendidikan =850 ##$$a NBPNMAT =990 ##$$a 21603080/BPAP-NTB/2017